Responses for Show #7077 - Tuesday, May 26, 2015

Dan Feitel game 1.

Contestants

[<< previous game]

Dan Feitel, an attorney originally from Gillette, New Jersey

Lenny Porges, a retailer from Tucson, Arizona

Choyon Manjrekar, an urban planner from Providence, Rhode Island (whose 3-day cash winnings total $56,700)

[next game >>]

Jeopardy! Round responses

THE OCCULT
JACK IN THE BOXING RING
EPONYMS
ASIAN HISTORY
FAMILIAR NUMBERS
A STATE OF VWLLSSNSS
(Alex: We are going to give you states without the vowels. See how well you can identify them.)
    $200 3
séance

Lenny
    $200 2
Madison Square Garden

Dan
    $200 24
the Richter scale

Dan
    $200 11
Iran

Dan
    $200 29
[The end-of-round signal sounds.]

200

Dan
    $400 12
a Ouija board

Choyon
    $400 4
(Alex: And that was the great [*].)

Jack Dempsey

Triple Stumper
    $400 19
platonic

Choyon
    $400 7
Mongolia

Choyon
    $400 25
400

Triple Stumper
    $400 15
Louisiana

Lenny
    $600 16
the soul

Dan
    $600 1
(Dan: Who is Baer?)

Max Schmeling

LennyDan
    $600 21
mason

Lenny
    $600 8
poppy (or opium)

Dan
    $600 26
(Alex: Less than a minute to go.)

the 600

Choyon
    $600 13
Utah

Dan
    $800 17
cups

Triple Stumper
    $800 5
Jack Johnson

Choyon
    $800 22
(Lenny: What is... somebody?)
(Alex: Oh, yes.)

Luddite

LennyDan
    $800 9
the Boxer Rebellion

Choyon
    $1,200 27
(Choyon: What is a 1000-year anniversary?)

800

Choyon
    $800 14
(Dan: What is Idaho?)

Ohio

LennyDan
    $1000 18
gris-gris (bags)

Triple Stumper
    $1000 6
Jack Palance

Triple Stumper
    $1000 23
(Lenny: What is crewel?)

Jacquard

Lenny
Triple Stumper
    $1000 10
Akihito

Lenny
    $1000 28
(Lenny: What is 1,001?)

1,000

LennyDan
    $1000 20
Iowa

Choyon

Scores at the first commercial break (after clue 15):

Choyon Lenny Dan
$2,400 $3,000 $200

Scores at the end of the Jeopardy! Round:

Choyon Lenny Dan
$3,200 $800 $3,000

Double Jeopardy! Round responses

ARCHITECTURE
1960s QUOTATIONS
SAY THE "WER"
CONTEMPORARY AUTHORS
THE MOVIES
THE ARMED FORCES RESERVES
    $400 25
(Alex: ...less than a minute to deal with this last category.)

facade

Dan
    $400 1
the miniskirt

Choyon
    $400 16
a brewer

Lenny
    $400 6
(Anne) Rice

Dan
    $400 11
Paddington

Dan
    $800 5
the rotunda

Dan
    $800 21
Malcolm X

Dan
    $800 17
cauliflower

Lenny
    $800 7
(Cormac) McCarthy

Dan
    $800 12
Sigourney Weaver

Dan
    $800 26
(Choyon: What is the Army Corps of Engineers?)
(Lenny: What's the National Guard?)

the Air Force Reserve

ChoyonLenny
Triple Stumper
    $1200 2
Taliesin

Choyon
    $1200 22
Midnight Cowboy

Lenny
    $1200 18
(Choyon: What is a bell tower?)

tower

ChoyonLenny
    $1200 8
(Lenny: Who is Kerouac?)

Tom Wolfe

Lenny
Triple Stumper
    $1200 13
Say Anything...

Dan
    $1200 27
a Minuteman

Choyon
    $1600 3
Bernini

Lenny
    $1600 23
the Moon

Dan
    $1600 19
Antwerp

Dan
    $1600 9
The Sportswriter

Triple Stumper
    $1600 14
(Choyon: Who is Grenier?)

(Adrien) Brody

ChoyonLenny
    $2,200 28
(Choyon: What is "The Halls of Montezuma"?)
...
[The end-of-round signal sounds.]

"Anchors Aweigh"

Choyon
    $2000 4
glass

Lenny
    $2,000 24
(Rachel) Carson

Dan
    $2000 20
bower

Triple Stumper
    $2000 10
Michael Chabon

Triple Stumper
    $2000 15
The Prince of Tides

Triple Stumper

Scores at the end of the Double Jeopardy! Round:

Choyon Lenny Dan
$200 $7,600 $13,800

[wagering suggestions for these scores]

Final Jeopardy! Round responses

ANCIENT TIMES
(Alex: [To Dan] It was one of the bases of the economy at that time, along with wine.)
ChoyonWhat is cypress?
$7
LennyWhat is an elm?
$7,000
DanWhat is an olive tree
$13,799
an olive tree

Final scores:

Choyon Lenny Dan
$193 $600 $27,599
3rd place: $1,000 2nd place: $2,000 New champion: $27,599

Game dynamics:

Coryat scores:

Choyon Lenny Dan
$3,600 $7,600 $13,800
10 R,
5 W
(including 2 DDs)
13 R,
5 W
20 R
(including 1 DD),
2 W

Combined Coryat: $25,000

[game clues] [game scores] [suggest correction]

Game tape date: Unknown
The J! Archive is created by fans, for fans. Scraping, republication, monetization, and malicious use prohibited; this site may use cookies and collect identifying information. See terms. The Jeopardy! game show and all elements thereof, including but not limited to copyright and trademark thereto, are the property of Jeopardy Productions, Inc. and are protected under law. This website is not affiliated with, sponsored by, or operated by Jeopardy Productions, Inc. Join the discussion at JBoard.tv.